Nomi italiani di città straniere - Penisola iberica - Statistics

Statistiche generali
  • Questo quiz è stato fatto 172 volte
  • Il punteggio medio è 7 su 7
Statistiche sulle risposte
Nome locale Nome italiano % Corretto
Barcelona (Spagna) Barcellona
100%
Lisboa (Portogallo) Lisbona
100%
Sevilla (Spagna) Siviglia
98%
Gibraltar (Regno Unito) Gibilterra
96%
Zaragoza (Spagna) Saragozza
92%
Cadiz (Spagna) Cadice
91%
Cordoba (Spagna) Cordova
86%
Nessun quiz corrispondente trovato
Distribuzione punteggi
Percentuale di utenti per punteggio
Percentile per numero di risposta
I tuoi punteggi nel tempo
Non hai fatto questo quiz